01298nem a2200313 4500001001200000003000800012006001900020007001500039008004100054034000600095040002100101035002100122050002200143050002300165052000900188245006500197246019000262255001800452260003200470300003000502533015200532651006800684651002500752655002900777710002000806710001700826856012600843999001500969ebr10002748CaPaEBRm u cr cn|||||||||101210s1997 xx a s 0 eng d0 aa aCaPaEBRcCaPaEBR a(OCoLC)70441080714aE199b.F74 1997eb14aG3700b.F74 1997eb a370004aThe French and Indian War, 1754-1763h[electronic resource].3 iTitle from title screen:aFrench and Indian War, 1754-1763-- North America, United States, Canada, Maine, New York, Pennsylvania, New Jersey, Virginia, West Virginia, New Hampshire, map aScale varies. a[S.l.] :bMaps.com,cc1997. a1 online resource (1 map) aElectronic reproduction.bPalo Alto, Calif. :cebrary,d2013.nAvailable via World Wide Web.nAccess may be limited to ebrary affiliated libraries. 0aUnited StatesxHistoryyFrench and Indian War, 1754-1763vMaps. 0aUnited StatesvMaps. 7aElectronic books.2local2 aMaps.com (Firm)2 aebrary, Inc.40uhttp://site.ebrary.com/lib/rucke/Doc?id=10002748zAn electronic book accessible through the World Wide Web; click to view c3082d3082